00548nam a2200193 a 4500001001300000003000900013005001700022008004100039020002400080082001800104100002200122245004900144260005000193300000900243500003500252505001000287650003500297700002200332nice12345678IN_TiNIC20260116014035.0050524s2004 cama grp 000 0 eng  a0521415 c128000a320.9598bBER aBertrand, Jacques aNationalism and Ethnic Conflict in Indonesia aCambridge bCambridge University Press c2004 a278p aincludes index and biblioraphy2 aIndex aIndonesia-Politics & Governmnt1 aBertrand, Jacques